| Registos Bibliográficos associados ao registo de autoridade |
|
Etiqueta de registo: 00000nam 2200025 450 001 2285435 003 http://id.bnportugal.gov.pt/bib/catbnp/2285435 010 ## $a978-989-99173-8-5 021 ## $aPT$b557745/25 100 ## $a20260428d2025 m y0pory01030103ba 101 0# $apor 102 ## $aPT 105 ## $aa z 000yy 106 ## $ar 200 1# $aFui pároco de aldeia$fTelmo Ferraz$gil. Ana Cardoso$gretr. M. L. Chichorro Rodrigues$gpref. e coord. Henrique Manuel Pereira 205 ## $a2ª ed. rev 210 #9 $a[S.l.]$cAlforria,$d2025 215 ## $a81, [2] p.$cil.$d22 cm 700 #1 $aFerraz,$bTelmo,$f1925-$374476 702 #1 $aCardoso,$bAna Maria Rodrigues,$f1968-$4440$31984584 702 #1 $aRodrigues,$bM. L. Chichorro,$f1931$4600$3408425 702 #1 $aPereira,$bHenrique Manuel,$f1967-$4080$3273904 801 #0 $aPT$bBN$gRPC 966 ## $lBN$mFGMON$x1 966 ## $lBN$mFGMON$x1 971 ## $cssilva$d20260428
Etiqueta de registo: 00000nam 2200025 450 001 2264301 003 http://id.bnportugal.gov.pt/bib/catbnp/2264301 010 ## $a978-989-99173-8-5 021 ## $aPT$b549252/25 100 ## $a20260210d2025 m y0pory01030103ba 101 1# $apor 102 ## $aPT 105 ## $aa z 000zy 106 ## $ar 200 1# $aFui pároco de aldeia$fTelmo Ferraz$gil. Ana Cardoso$gretratos M. L. Chichorro Rodrigues$gpref. e coord. Henrique Manuel Pereira 205 ## $a1ª ed 210 #9 $a[S.l.]$cAlforria,$d2025 215 ## $a81, [2] p.$cil.$d22 cm 675 ## $a821.134.3-94"19/20"$vBN$zpor$31039422 700 #1 $aFerraz,$bTelmo,$f1925-$374476 702 #1 $aPereira,$bHenrique Manuel,$f1967-$4080$3273904 702 #1 $aRodrigues,$bM. L. Chichorro,$f1931$4600$3408425 702 #1 $aCardoso,$bAna Maria Rodrigues,$f1968-$4440$31984584 801 #0 $aPT$bBN$gRPC 856 41 $uhttp://rnod.bnportugal.gov.pt/ImagesBN/winlibimg.aspx?skey=&doc=2264301&img=220172&save=true 900 ## $aBIBNAC$d20260323 966 ## $lBN$mFGMON$sL. 180975 V.$x1 966 ## $lBN$mFGMON$sL. 180975 V.-D$x1 971 ## $ccsilva$d20260210 972 ## $e0$z0$d20260323$vasantos 973 ## $cmlsousa$d20260310
|
|
|